Castellano 7º básico

Saved in:
Bibliografiske detaljer
Main Authors: Toro Arriagada, Gabriela (Author), González Draper, Rosa Ester (Author)
Andre forfattere: Martínez Espinoza, Oriana (autora)
Format: Bog
Sprog:spansk
Udgivet: Santiago Arrayán 1992
Udgivelse:3a. ed
Fag:
Tags: Tilføj Tag
Ingen Tags, Vær først til at tagge denne postø!

MARC

LEADER 00000nam a2200000 a 4500
001 UCT0814
003 CL-VaPUC
008 960906e19920000CL |||||||||||||||||spa|d
020 |a 9562401758 
082 0 4 |a 372.6  |b TOR  |2 21 
100 0 |a Toro Arriagada, Gabriela  |e author  |9 369321 
700 |a Martínez Espinoza, Oriana  |e autora  |9 544832 
700 |a González Draper, Rosa Ester  |e author  |9 544833 
245 1 0 |a Castellano 7º básico 
250 |a 3a. ed 
300 |a 192 p 
942 |c BK 
945 |d 19960906 00:00:00  |a nastorga 
260 |a Santiago  |b Arrayán  |c 1992 
500 |a Incluye un libro guía del profesor 
650 0 |a Literatura  |9 259151 
650 0 |a Cuentos  |9 308079 
650 0 |a Poesía   |9 265825 
650 0 |a Teatro  |9 265385 
650 0 |a Gramática  |9 270497 
650 0 |a Lexicografía  |9 321487 
650 0 |a Ortografía  |9 309144 
650 0 |a Escritura  |9 264941 
650 0 |a Libros de texto  |9 270019 
583 |a last modification  |c 20170816 01:06:12  |k Rodrigo Vera 
999 |c 251516  |d 251514 
952 |0 0  |1 0  |4 0  |6 372_600000000000000_TOR_1992  |7 0  |8 P  |9 270726  |a BIBEDU  |b BIBEDU  |c BIBEDU_PB  |d 2019-11-19  |i 3229297  |o 372.6 TOR 1992  |p 3229297  |r 2024-01-25  |w 2019-11-19  |y BK  |k EDU 
952 |0 0  |1 0  |4 0  |6 372_600000000000000_TOR_1992  |7 0  |8 P  |9 270727  |a BIBEDU  |b BIBEDU  |c BIBEDU_PB  |d 2019-11-19  |i 3229300  |o 372.6 TOR 1992  |p 3229300  |r 2024-01-25  |w 2019-11-19  |y BK  |k EDU